000 00542nam a22001937a 4500
003 MPLRDC
005 20220105061101.0
008 210129b ||||| |||| 00| 0 eng d
020 _a978-986-235-215-1
082 _a732.28 MYE
100 _a麦尔斯 B. R. MYERS
245 _a最纯洁的种族
_c黄煜文 译
250 _a初版一刷
260 _a台湾
_b脸谱出版, 城邦文化事业股份有限公司
_c2012
300 _b
520 _a上架 2017-03-01。
650 _a亚洲史地--北韩
942 _cBK
_o732.28 MYE
999 _c68553
_d68543